The Acquisition of Land (Rate of Interest after Entry) Regulations 1995 (Record no. 104131)
[ view plain ]
| 000 -LEADER | |
|---|---|
| fixed length control field | 01082cam a2200229 4500 |
| 001 - CONTROL NUMBER | |
| control field | LT129233 |
| 008 - FIXED-LENGTH DATA ELEMENTS--GENERAL INFORMATION | |
| fixed length control field | 050404n1995 000 0 eng u |
| 020 ## - INTERNATIONAL STANDARD BOOK NUMBER | |
| International Standard Book Number | 0110534727 |
| 035 ## - SYSTEM CONTROL NUMBER | |
| System control number | (Sirsi) u129233 |
| 041 ## - LANGUAGE CODE | |
| Language code of text/sound track or separate title | eng |
| 050 ## - LIBRARY OF CONGRESS CALL NUMBER | |
| Classification number | 711.14 |
| -- | 18 |
| 245 #4 - TITLE STATEMENT | |
| Title | The Acquisition of Land (Rate of Interest after Entry) Regulations 1995 |
| 260 ## - PUBLICATION, DISTRIBUTION, ETC. | |
| Place of publication, distribution, etc. | London |
| Name of publisher, distributor, etc. | HMSO |
| Date of publication, distribution, etc. | 1995 |
| 490 ## - SERIES STATEMENT | |
| Series statement | SI |
| Volume/sequential designation | 1996: 2262 |
| 520 ## - SUMMARY, ETC. | |
| Summary, etc. | Came into force 30 December 1995. Set the rate of interest after entry at 0.5% below bank base rate on the reference days of 31 March, 30 June, 30 Sept and 31 December (or next the business days if any of these days are not business days). |
| 590 ## - LOCAL NOTE (RLIN) | |
| Local note | IKA190705 |
| 650 ## - SUBJECT ADDED ENTRY--TOPICAL TERM | |
| Topical term or geographic name entry element | ACQUISITION OF LAND (RATE OF INTEREST AFTER ENTRY) REGULATIONS 1995 |
| 650 ## - SUBJECT ADDED ENTRY--TOPICAL TERM | |
| Topical term or geographic name entry element | LAND COMPENSATION ACT 1961 S32(1) |
| 690 ## - LOCAL SUBJECT ADDED ENTRY--TOPICAL TERM (OCLC, RLIN) | |
| Topical term or geographic name as entry element | ENVIRONMENTAL AND LAND CONSULTANCY-PLANNING AND DEVELOPMENT-COMPULSORY PURCHASE AND COMPENSATION |
| 856 ## - ELECTRONIC LOCATION AND ACCESS | |
| Uniform Resource Identifier | <a href="https://www.legislation.hmso.gov.uk/si/si1995/Uksi_19952262_en_1.htm">https://www.legislation.hmso.gov.uk/si/si1995/Uksi_19952262_en_1.htm</a> |
| Public note | View the Regulations free of charge at www.hmso.gov.uk... |
| 942 ## - ADDED ENTRY ELEMENTS (KOHA) | |
| Suppress in OPAC | 0 |
| Withdrawn status | Lost status | Source of classification or shelving scheme | Damaged status | Not for loan | Home library | Current library | Shelving location | Date acquired | Total Checkouts | Full call number | Barcode | Date last seen | Copy number | Price effective from | Koha item type |
|---|---|---|---|---|---|---|---|---|---|---|---|---|---|---|---|
| Dewey Decimal Classification | Virtual | Virtual | Online | 04/04/2005 | ONLINE PUBLICATION | 129233-1001 | 06/08/2019 | 1 | 06/08/2019 | Book |